000 00716nam a2200205Ia 4500
005 20150513124435.0
010 _aBAC-CH25
020 _a9780753720929
_c 350.00
035 _aB-563792-818
035 _aG-003623
037 _bTechniz/vender
_adpl
037 _bReceived from DB Act Children Books
082 _a032.02
245 _aTell Me How? /
260 _c2013
_aLondon
_bChancellor Press (imprint of Octopus Publishing Group)
270 _a189 Shaftesbury Avenue
_bLondon
_eWC2H 8JY
300 _a207p.:
_bcol.ill.
_c22cm(pbk)
942 _cCH
_2ddc
_mTEL
_h032.02
999 _c86232
_d86232